| 000 | 00846cam a2200253 4500 | ||
|---|---|---|---|
| 001 | J3580 | ||
| 008 | 090401t1996 xxu||||| |||| 00| 0 eng d | ||
| 035 | _a(Sirsi) u55934 | ||
| 041 | _aeng | ||
| 050 | _a692.8 | ||
| 110 |
_aNational Joint Consultative Committee for Building _9994 |
||
| 245 | _aJoint venture tendering for contracts in the United Kingdom. | ||
| 250 | _aRevised ed. | ||
| 260 |
_aLondon _bNJCC _c1996 |
||
| 300 | _a4p. 30cm | ||
| 350 | _a5 | ||
| 490 |
_aNJCC Guidance Note _v1 |
||
| 520 | _aProduced in collaboration with the Scottish Joint Consutative Committee and Joint Consultative Committee for Building, Northern Ireland. | ||
| 650 | _aBUILT ENVIRONMENT-BUILDING CONTRACT FORMS | ||
| 650 | _aJOINT VENTURE TENDERING | ||
| 690 | _aBUILT ENVIRONMENT-BUILDING CONTRACT FORMS | ||
| 942 | _n0 | ||
| 948 | _c04/03/1997 | ||
| 999 |
_c93683 _d93683 |
||